000 00979nas a2200325 4500
001 BR2013001842
003 BR-BrBNA
005 20231205122032.0
007 ta
008 230509b bl.|||p| |||| 00| 00por d
040 _aBR-BrBNA
_bpor
_cBiblioteca Nacional de Agricultura
041 _a(En)
072 _aF30
100 1 _aFritsche-Neto, R.
100 1 _aVale, J.C. do
100 1 _aLanes, E.C.M. de
100 1 _aResende, M.D.V. de
100 1 _aMiranda, G.V.
245 1 _aGenome-Wide selection for tropical maize rolt traits under conditions of nitrogen and phosphorus stress
650 _aMILHO
650 _aHÍBRIDO
650 _aSELEÇÃO
650 _aMELHORAMENTO VEGETAL
650 _aGENÉTICA VEGETAL
650 _aNITROGÊNIO
650 _aFÓSFORO
773 0 _tActa Scientiarum. Agronomy (Brazil)
_xISSN 1679-9275
_g(Oct-Dec 2012), v. 34(4) p. 389-395
_wBR2013001842
909 _a202311
_bLúcia
_c55
_dLúcia Elande
942 _2AGRIS
_n0
_cANA
999 _c226578
_d226578